| 000 | 01004cab a2200289 4500 | ||
|---|---|---|---|
| 001 | ABS54845 | ||
| 008 | 090401t1996 xxu||||| |||| 00| 0 eng d | ||
| 035 | _a(Sirsi) u12505 | ||
| 041 | _aeng | ||
| 100 | _aBrewer, G. | ||
| 245 | 2 | _aA focus for responsibilty | |
| 260 | _c1996 | ||
| 350 | _a0 | ||
| 490 |
_aContract Journal _v383(6072) 25 April 1996, 34(1) |
||
| 520 | _aSummarises the issue in "Bowmer and Kirkland Ltd v Wilson Bowden Properties Ltd" of whether the architect or builder was responsible for building defects. It was held that the architects were under no duty to supervise the construction work and the builder was responsible for their own workmanship. | ||
| 650 | _aARCHITECTS | ||
| 650 | _aBOWNER AND KIRKLAND LTD V WILSON BOWDEN PROPERTIES LTD | ||
| 650 | _aBUILDERS | ||
| 650 | _aBUILDING DEFECTS | ||
| 650 | _aCONTRACTORS | ||
| 650 | _aLIABILITY | ||
| 650 | _aWORKMANSHIP | ||
| 690 | _aBUILT ENVIRONMENT | ||
| 690 | _aLAW | ||
| 942 | _n0 | ||
| 948 | _c04/03/1997 | ||
| 999 |
_c7991 _d7991 |
||